00938nam a22002537a 450000500170000001000130001702000220003003500130005203700160006504000120008108200150009310000270010824501190013524600060025426000320026027000430029230000270033565000700036265000560043270000310048894200240051999900190054395201220056220170124110252.0 aA-226973 c00.00a0910608326 aA-226973 bCen Lib/Ret aDPLbEN a025.4bCOM aComaromi, John P.9713 aManual on the use of the Dewey decimal classification, edition 19 /cby John P. Comaromi [and] Margaret J. Warren  b  aAlbany bForest Pressc1982 bAlbany a85, watervliet avenue e12206 axxvii, 551p.c22cm(Hb) aClassification, Dewey decimal -- Handbooks, manuals, etc. 999815 aClassification décimale de Dewey -- Guide.999816 aWarren, Margaret J. 93096 2ddccENh025.4mCOM c135950d135950 00104070aLbLd2015-10-12eCen Lib/Retg0.00l0o025.4 COMpA-226973r2015-10-12 00:00:00t1v0.00w2015-10-12yEN